000 00736cab a2200229 4500
001 WB2923-14
008 090401t1993 xxu||||| |||| 00| 0 eng d
035 _a(Sirsi) u54212
041 _aeng
245 _aLegionnaire`s assessment
260 _c1993
350 _a0
490 _aEstates Gazette
_v(9323) 12 June 1993, 118(1)
520 _aSome property managers are still not complying with the legal requirements designed to minimise the proliferation of the legionella bacteria within water systems.
650 _aAPPROVED CODE OF PRACTICE
650 _aCOMPLIANCE
650 _aLEGIONNAIRES' DISEASE
650 _aWATER SYSTEMS
690 _aBUILT ENVIRONMENT-BUILDING STANDARDS
942 _n0
948 _c04/03/1997
999 _c33236
_d33236